000 00600nam a2200217Ia 4500
005 20250508165009.0
008 008 250505s9999 xx 000 0 hin d
020 _a81-87482-72-9
037 _aTextual
040 _aFEDL
_beng
_cFEDL
041 _ahin
_2hin
084 _a301.2, NAN
_qFEDL
100 _aNand Kishore
245 0 _aSamskriti ki sabhyata
260 _aBikaner, India
_bVagdevi Prakashan
_c2007
300 _a168p.
365 _aINR
_b200
546 _aTr of Civilization of culture/Social philosophy
942 _cTEXL
_h301.2, NAN
999 _c1392551
_d1392551